[Event "BCF-chT2 0506 (4NCL)"]
[Site "Birmingham"]
[Date "2006.01.14"]
[Round "5.8"]
[White "Morris, Claire"]
[Black "Smith, Olivia"]
[Result "0-1"]
[WhiteElo "1920"]
[BlackElo "1986"]
[PlyCount "70"]
[EventDate "2005.10.22"]
[EventType "team-tourn"]
[EventRounds "11"]
[EventCountry "ENG"]
[SourceTitle "EXT 2007"]
[Source "ChessBase"]
[SourceDate "2006.11.23"]
[SourceVersion "1"]
[SourceVersionDate "2006.11.23"]
[SourceQuality "1"]
[WhiteTeam "Guildford III"]
[BlackTeam "SW Dragons"]
[WhiteTeamCountry "ENG"]
[BlackTeamCountry "ENG"]

1. e4 e5 2. Nf3 Nf6 3. Nc3 Nc6 4. Bc4 Bc5 5. d3 h6 6. Be3 Bb6 7. Qd2 d6 8. 0-0-0 Na5 9. Qe2 c5 10. Nh4 Bc7 11. f4 exf4 12. Bxf4 0-0 13. Nf3 Re8 14. Bd5 Nxd5 15. Nxd5 Be6 16. Qd2 Bxd5 17. exd5 Qf6 18. Rhf1 b5 19. g4 Qe7 20. Rde1 Qd7 21. g5 h5 22. Nh4 g6 23. Qf2 Rxe1+ 24. Rxe1 Re8 25. Rf1 Nb7 26. Nf3 Qf5 27. Nd2 Bd8 28. h4 Qxd5 29. Kb1 Qe6 30. Ne4 c4 31. Nxd6 Nxd6 32. Bxd6 Bb6 33. Qg3 cxd3 34. cxd3 Bd4 35. Bf4 Qe2 0-1

[Event "BCF-chT3 0405 (4NCL)"]
[Site "Telford"]
[Date "2005.02.26"]
[Round "5.8"]
[White "Morris, Claire"]
[Black "Powell, Annie"]
[Result "1/2-1/2"]
[WhiteElo "1910"]
[BlackElo "2026"]
[PlyCount "52"]
[EventDate "2004.11.06"]
[EventType "team-tourn"]
[EventRounds "11"]
[EventCountry "ENG"]
[SourceTitle "EXT 2006"]
[Source "ChessBase"]
[SourceDate "2005.11.24"]
[SourceVersion "1"]
[SourceVersionDate "2005.11.24"]
[SourceQuality "1"]
[WhiteTeam "Guildford III"]
[BlackTeam "Cambridge"]
[WhiteTeamCountry "ENG"]
[BlackTeamCountry "ENG"]

1. e4 c5 2. Nf3 d6 3. d4 cxd4 4. Nxd4 Nf6 5. Nc3 Nc6 6. Be3 Ng4 7. Qd2 Nxe3 8. Qxe3 Qb6 9. 0-0-0 Nxd4 10. Qxd4 Qxd4 11. Rxd4 Bd7 12. Bc4 g6 13. e5 Bg7 14. f4 Bc6 15. Re1 0-0 16. Nd5 Bxd5 17. Rxd5 dxe5 18. fxe5 Rac8 19. Bb3 e6 20. Rd7 Rb8 21. c4 Rfd8 22. Rd6 Bf8 23. Rxd8 Rxd8 24. Kc2 Bg7 25. Kc3 b6 26. Ba4 h5 1/2-1/2

[Event "BCF-chT3 0304 (4NCL)"]
[Site "West Bromwich"]
[Date "2004.05.31"]
[Round "9.8"]
[White "Morris, Claire"]
[Black "Atkins, Emma"]
[Result "1-0"]
[WhiteElo "1616"]
[BlackElo "1360"]
[PlyCount "63"]
[EventDate "2003.11.23"]
[EventType "team-tourn"]
[EventRounds "11"]
[EventCountry "ENG"]
[SourceTitle "EXT 2005"]
[Source "ChessBase"]
[SourceDate "2004.11.15"]
[SourceVersion "1"]
[SourceVersionDate "2004.11.15"]
[SourceQuality "1"]
[WhiteTeam "Guildford III"]
[BlackTeam "South County Stars"]
[WhiteTeamCountry "ENG"]
[BlackTeamCountry "ENG"]

1. e4 e5 2. Nf3 Nc6 3. d4 f6 4. Bc4 Nge7 5. Nc3 d6 6. h3 Ng6 7. Be3 b6 8. Qd2 Na5 9. Bb5+ Bd7 10. Qd3 c6 11. Ba4 c5 12. dxc5 bxc5 13. Nb5 Nb7 14. Qd5 Rb8 15. Bb3 Qe7 16. Nc7+ Kd8 17. Ne6+ Bxe6 18. Qxe6 Na5 19. Qxe7+ Nxe7 20. Be6 Rxb2 21. 0-0-0 Rb5 22. Rxd6+ Kc7 23. Rhd1 Nb7 24. Rd7+ Kb8 25. Nd2 Rb6 26. Bb3 Rc6 27. Nc4 Nc8 28. f4 Bd6 29. Nxd6 Ncxd6 30. Rxg7 Nxe4 31. Bd5 Nc3 32. Bxc6 1-0

[Event "BCF-chT3 0304 (4NCL)"]
[Site "West Bromwich"]
[Date "2004.03.28"]
[Round "6.8"]
[White "Blackburn, Sandra G"]
[Black "Morris, Claire"]
[Result "0-1"]
[WhiteElo "1392"]
[BlackElo "1616"]
[PlyCount "90"]
[EventDate "2003.11.23"]
[EventType "team-tourn"]
[EventRounds "11"]
[EventCountry "ENG"]
[SourceTitle "EXT 2005"]
[Source "ChessBase"]
[SourceDate "2004.11.15"]
[SourceVersion "1"]
[SourceVersionDate "2004.11.15"]
[SourceQuality "1"]
[WhiteTeam "SW Dragons II"]
[BlackTeam "Guildford III"]
[WhiteTeamCountry "ENG"]
[BlackTeamCountry "ENG"]

1. d4 Nf6 2. Nf3 g6 3. Bg5 Bg7 4. e3 d6 5. Bd3 Nc6 6. c3 0-0 7. Nbd2 Bg4 8. h3 Bxf3 9. Nxf3 e5 10. dxe5 dxe5 11. Bc2 Qe7 12. 0-0 Rad8 13. Qe2 Qc5 14. Bxf6 Bxf6 15. Bb3 e4 16. Nd4 Ne5 17. Qb5 Qxb5 18. Nxb5 c6 19. Na3 Nd3 20. Rab1 Bg7 21. Bc2 Rd7 22. Bxd3 exd3 23. Rfd1 b5 24. Rd2 a6 25. Rbd1 Rfd8 26. Kf1 c5 27. Nb1 c4 28. f4 f5 29. Rf2 Re7 30. Rf3 b4 31. Rd2 a5 32. g4 Rb7 33. gxf5 gxf5 34. Rg2 Kf7 35. Rfg3 Bf6 36. Ke1 a4 37. Rd2 a3 38. Rg1 Rdd7 39. Kf2 axb2 40. Rxb2 bxc3 41. Rxb7 Rxb7 42. Rc1 c2 43. Nd2 c3 44. Nc4 Rb1 45. Nd6+ Ke6 0-1

[Event "BCF-chT3 0304 (4NCL)"]
[Site "West Bromwich"]
[Date "2004.03.27"]
[Round "5.8"]
[White "Morris, Claire"]
[Black "Kikoyo, Ali"]
[Result "1-0"]
[WhiteElo "1616"]
[BlackElo "1768"]
[PlyCount "82"]
[EventDate "2003.11.23"]
[EventType "team-tourn"]
[EventRounds "11"]
[EventCountry "ENG"]
[SourceTitle "EXT 2005"]
[Source "ChessBase"]
[SourceDate "2004.11.15"]
[SourceVersion "1"]
[SourceVersionDate "2004.11.15"]
[SourceQuality "1"]
[WhiteTeam "Guildford III"]
[BlackTeam "Wood Green III"]
[WhiteTeamCountry "ENG"]
[BlackTeamCountry "ENG"]

1. e4 c5 2. Nf3 Nc6 3. d4 cxd4 4. Nxd4 d6 5. Nc3 e6 6. Be3 Nf6 7. Be2 Be7 8. f4 a6 9. Qd2 Qc7 10. g4 Nxd4 11. Bxd4 e5 12. Be3 Bxg4 13. 0-0-0 Bxe2 14. Qxe2 Qc6 15. Qf3 Rc8 16. Rhg1 g6 17. Rg2 b5 18. Nd5 Nxd5 19. Rxd5 Qc4 20. Kb1 f5 21. fxe5 fxe4 22. Qd1 0-0 23. b3 Qc3 24. Bh6 Rf5 25. Rg3 Qc6 26. Re3 dxe5 27. Rxe4 Rf2 28. c4 Qf6 29. Rdxe5 Rf1 30. Re1 Rxe1 31. Qxe1 Bf8 32. Re8 Qf7 33. Rxc8 Qf5+ 34. Kb2 Qxc8 35. Bxf8 Qxf8 36. Qe6+ Qf7 37. Qc8+ Kg7 38. Qxa6 Qf2+ 39. Ka3 Qc5+ 40. Kb2 b4 41. Qb7+ Kh6 1-0

[Event "BCF-chT3 0203 (4NCL)"]
[Site "West Bromwich"]
[Date "2003.03.09"]
[Round "6.8"]
[White "Houska, Karla"]
[Black "Morris, Claire"]
[Result "1/2-1/2"]
[WhiteElo "1112"]
[BlackElo "1528"]
[PlyCount "35"]
[EventDate "2002.11.??"]
[EventType "team-tourn"]
[EventRounds "11"]
[EventCountry "ENG"]
[SourceTitle "EXT 2004"]
[Source "ChessBase"]
[SourceDate "2003.11.25"]
[SourceVersion "1"]
[SourceVersionDate "2003.11.25"]
[SourceQuality "1"]
[WhiteTeam "Slough II"]
[BlackTeam "Guildford III"]
[WhiteTeamCountry "ENG"]
[BlackTeamCountry "ENG"]

1. e4 e5 2. Nf3 Nc6 3. d4 exd4 4. c3 dxc3 5. Bc4 d6 6. Nxc3 Be6 7. Bb5 Qd7 8. 0-0 Nge7 9. Ng5 h6 10. Nxe6 fxe6 11. Re1 e5 12. Nd5 0-0-0 13. Qa4 a6 14. Bxa6 bxa6 15. Qxa6+ Kb8 16. Qb5+ Ka8 17. Qa6+ Kb8 18. Qb5+ 1/2-1/2

[Event "BCF-chT3 0203 (4NCL)"]
[Site "West Bromwich"]
[Date "2002.11.09"]
[Round "1.8"]
[White "Miller, Naomi"]
[Black "Morris, Claire"]
[Result "1/2-1/2"]
[WhiteElo "1616"]
[BlackElo "1528"]
[PlyCount "64"]
[EventDate "2002.11.??"]
[EventType "team-tourn"]
[EventRounds "11"]
[EventCountry "ENG"]
[SourceTitle "EXT 2004"]
[Source "ChessBase"]
[SourceDate "2003.11.25"]
[SourceVersion "1"]
[SourceVersionDate "2003.11.25"]
[SourceQuality "1"]
[WhiteTeam "South County Stars"]
[BlackTeam "Guildford III"]
[WhiteTeamCountry "ENG"]
[BlackTeamCountry "ENG"]

1. e4 e5 2. f4 d5 3. exd5 exf4 4. Nf3 Nf6 5. c4 h6 6. d4 g5 7. Nc3 Ng4 8. Be2 Qe7 9. Qd3 Bg7 10. h3 Nf6 11. Bd2 Nh5 12. 0-0-0 Ng3 13. d6 cxd6 14. Nd5 Qd8 15. Rhe1 0-0 16. h4 Bf5 17. Qc3 Ne4 18. Qb3 Nf2 19. hxg5 hxg5 20. Nxg5 Nxd1 21. Bxd1 Nc6 22. Bxf4 Nxd4 23. Qxb7 Bf6 24. Nxf6+ Qxf6 25. Qd5 Rfd8 26. Nxf7 Qxf7 27. Qxd4 Rac8 28. Bb3 d5 29. Rh1 Qg7 30. Be5 Qg5+ 31. Bf4 Qg7 32. Be5 Qg5+ 1/2-1/2

[Event "Guernsey Holiday op"]
[Site "Guernsey"]
[Date "2002.10.24"]
[Round "5"]
[White "Kearsley, Raymond J"]
[Black "Morris, Claire"]
[Result "1-0"]
[WhiteElo "1648"]
[BlackElo "1528"]
[PlyCount "127"]
[EventDate "2002.10.20"]
[EventType "swiss"]
[EventRounds "7"]
[EventCountry "GCI"]
[SourceTitle "EXT 2004"]
[Source "ChessBase"]
[SourceDate "2003.11.25"]
[SourceVersion "1"]
[SourceVersionDate "2003.11.25"]
[SourceQuality "1"]

1. e4 e5 2. Nf3 Nc6 3. Bb5 a6 4. Ba4 b5 5. Bb3 Nf6 6. d4 exd4 7. 0-0 Bc5 8. e5 Ng4 9. Bxf7+ Kxf7 10. Ng5+ Kf8 11. Qxg4 Nxe5 12. Qe4 Qe8 13. Qxa8 Nc6 14. Nd2 h6 15. Nde4 Bb6 16. Bd2 hxg5 17. Nxg5 g6 18. Rae1 Qd8 19. Re4 Kg7 20. Nf3 Qf6 21. Rf4 Qd6 22. Re1 Ba5 23. g3 Bxd2 24. Nxd2 Qb4 25. Nf3 Qc5 26. Rfe4 Kf7 27. Ne5+ Nxe5 28. Rxe5 Qc6 29. Re7+ Kf6 30. Qxc6+ dxc6 31. Rxc7 c5 32. Rxc5 Bb7 33. Rc7 Bd5 34. b3 Rd8 35. Ra7 Rd6 36. f4 Be6 37. Re5 Bf5 38. Re8 Bxc2 39. Re2 d3 40. Rd2 Kf5 41. Kf2 Ke4 42. Rc7 Bb1 43. Rc1 Bc2 44. Rcxc2 dxc2 45. Rxc2 Rf6 46. Ke2 Re6 47. Rc5 Kd4+ 48. Re5 Rxe5+ 49. fxe5 Kxe5 50. Kd3 b4 51. h3 Kf5 52. Kd4 a5 53. Kd5 Kf6 54. Kc5 Kf5 55. Kb5 Ke4 56. Kxa5 Kf3 57. Kxb4 Kxg3 58. a4 Kxh3 59. a5 g5 60. a6 g4 61. a7 g3 62. a8Q g2 63. Qxg2+ Kxg2 64. Kc5 1-0

[Event "Guernsey Holiday op"]
[Site "Guernsey"]
[Date "2002.10.23"]
[Round "4"]
[White "Morris, Claire"]
[Black "Carlucci, Paul A"]
[Result "1-0"]
[WhiteElo "1528"]
[BlackElo "1712"]
[PlyCount "71"]
[EventDate "2002.10.20"]
[EventType "swiss"]
[EventRounds "7"]
[EventCountry "GCI"]
[SourceTitle "EXT 2004"]
[Source "ChessBase"]
[SourceDate "2003.11.25"]
[SourceVersion "1"]
[SourceVersionDate "2003.11.25"]
[SourceQuality "1"]

1. e4 e5 2. Nf3 Nf6 3. Nc3 d6 4. d4 exd4 5. Nxd4 Be7 6. Bc4 0-0 7. f3 a6 8. Be3 b5 9. Bd5 Nxd5 10. Nxd5 c5 11. Ne2 Bh4+ 12. g3 Bf6 13. c3 Bb7 14. Nef4 Nd7 15. h4 Ne5 16. Qe2 Ng6 17. Rd1 Bxd5 18. Nxd5 Qb8 19. Nxf6+ gxf6 20. Bh6 Re8 21. h5 Nf8 22. Rd5 Re5 23. f4 Rxd5 24. Qg4+ Rg5 25. fxg5 f5 26. Qxf5 Qe8 27. Rf1 Ra7 28. Qd5 Qe7 29. Rf6 Rd7 30. Qf5 a5 31. Bxf8 Kxf8 32. Qxh7 Ke8 33. Qh8+ Qf8 34. Qxf8+ Kxf8 35. g6 Kg7 36. Rxf7+ 1-0

[Event "Guernsey Holiday op"]
[Site "Guernsey"]
[Date "2002.10.22"]
[Round "3"]
[White "Croston, Terry A"]
[Black "Morris, Claire"]
[Result "0-1"]
[WhiteElo "1200"]
[BlackElo "1528"]
[PlyCount "58"]
[EventDate "2002.10.20"]
[EventType "swiss"]
[EventRounds "7"]
[EventCountry "GCI"]
[SourceTitle "EXT 2004"]
[Source "ChessBase"]
[SourceDate "2003.11.25"]
[SourceVersion "1"]
[SourceVersionDate "2003.11.25"]
[SourceQuality "1"]

1. c4 e5 2. Nc3 Nf6 3. g3 d5 4. cxd5 Nxd5 5. Bg2 Be6 6. d3 Nc6 7. Nf3 f6 8. 0-0 Qd7 9. a3 Be7 10. Qc2 g5 11. Ne4 Bh3 12. b3 0-0-0 13. Bb2 h5 14. Rfc1 h4 15. Bh1 hxg3 16. fxg3 g4 17. Ne1 f5 18. Nc5 Bg5 19. Ng2 Qf7 20. Nxb7 Bxc1 21. Nxd8 Nxd8 22. Rxc1 Re8 23. Qc4 Qd7 24. Qa6+ Kb8 25. Rc5 c6 26. Nh4 e4 27. Nxf5 Qxf5 28. Bg2 Bxg2 29. Kxg2 Ne3+ 0-1

[Event "BCF-chT3a 0001 (4NCL)"]
[Site "Birmingham"]
[Date "2001.03.17"]
[Round "7.5"]
[White "Adams, Mark"]
[Black "Morris, Claire"]
[Result "1-0"]
[WhiteElo "2057"]
[BlackElo "1392"]
[PlyCount "97"]
[EventDate "2000.11.26"]
[EventType "team-tourn"]
[EventRounds "7"]
[EventCountry "ENG"]
[SourceTitle "EXT 2002"]
[Source "ChessBase"]
[SourceDate "2001.11.25"]
[SourceVersion "1"]
[SourceVersionDate "2001.11.25"]
[SourceQuality "1"]
[WhiteTeam "Gwent Dragons"]
[BlackTeam "NCCL"]
[WhiteTeamCountry "ENG"]
[BlackTeamCountry "ENG"]

1. e4 e5 2. Nf3 Nc6 3. Bb5 Bc5 4. 0-0 d6 5. h3 Nf6 6. Qe2 0-0 7. c3 Re8 8. d3 h6 9. Rd1 Bd7 10. Nbd2 a6 11. Ba4 d5 12. Nf1 Qe7 13. Ng3 Rad8 14. Nh4 Qf8 15. Bc2 Bc8 16. Be3 d4 17. Bd2 Be6 18. Qf3 Qd6 19. Nhf5 Qd7 20. Nxh6+ Kh8 21. Nhf5 Kh7 22. Bg5 Rh8 23. Nxg7 Kxg7 24. Bxf6+ Kg8 25. Bxh8 Kxh8 26. Nf5 Bxf5 27. Qxf5 Qe7 28. h4 Qxh4 29. g3 Qh6 30. Kg2 Kg7 31. Rh1 Qg6 32. Qxg6+ Kxg6 33. Rh3 Rf8 34. Rah1 Kf6 35. Rh8 Rxh8 36. Rxh8 Ke7 37. f4 exf4 38. gxf4 dxc3 39. bxc3 Ke6 40. d4 Nxd4 41. cxd4 Bxd4 42. Bb3+ Ke7 43. Rh7 Be3 44. Rxf7+ Kd6 45. e5+ Kc6 46. e6 Bc5 47. f5 Kd6 48. e7 Kd7 49. Be6+ 1-0